000 00439nam a2200169Ia 4500
003 GCL
008 140319s9999 xx 000 0 eng d
040 _aGCL /
_cGCL
082 0 4 _aCC
_b916.2
_bK C
100 1 _aEL - MALLAKH, KAMAL
245 1 0 _aIL CAIRO GIZA - SAKKAREE MENFI /
_cEL - MALLAKH, KAMAL
260 _a[S.N] :
_bBONECHI ،
_c1990
300 _a63 P
650 0 4 _aHISTORY
650 0 4 _aEGYPT - DESCRIPTION
942 _2ddc
_cBK
999 _c15934
_d15934